[Event "Dortmund"]
[Site "Dortmund"]
[Date "1994.??.??"]
[Round "3"]
[White "Adams, Michael"]
[Black "Dreev, Alexey"]
[Result "0-1"]
[WhiteElo "2675"]
[BlackElo "2645"]
[Annotator "Knaak,R"]
[PlyCount "88"]
[EventDate "1994.07.??"]
[EventType "tourn"]
[EventRounds "9"]
[EventCountry "GER"]
[EventCategory "16"]
[SourceTitle "CBM 042"]
[Source "ChessBase"]
[SourceDate "1994.10.01"]
[SourceVersion "1"]
[SourceVersionDate "1994.10.01"]
[SourceQuality "1"]

1. e4 e6 2. d4 d5 3. Nd2 c5 4. exd5 Qxd5 5. Ngf3 cxd4 6. Bc4 Qd8 7. O-O Ne7
$146 8. Nb3 Qc7 9. Qe2 Ng6 10. Nfxd4 (10. Nbxd4 a6 (10... Nc6 $5) 11. Bxe6 $5
fxe6 12. Nxe6 Bxe6 13. Qxe6+ Qe7 $2 (13... Be7 14. Ng5 Nc6 15. Qf7+ Kd7 16.
Qf5+ (16. Qe6+ Ke8 17. Qf7+ $10) 16... Ke8 17. Ne6 Qe5 $1 18. Qxe5 Ncxe5 19.
Nc7+ $13) 14. Qc8+ Qd8 15. Qxb7 Nd7 16. Bg5 Rb8 17. Qe4+ Be7 18. Rad1 Qc7 19.
Bxe7 Nxe7 20. Rfe1 Nf6 21. Qa4+ Kf8 22. Ng5 Qc6 23. Qa3 Re8 24. Re6 Qb7 25. Qd6
Qxb2 26. Rde1 Nfg8 27. Qf4+ Nf6 28. Qc4 Rc8 29. Rc6 {1-0/Forster,R-Vaganian,R/
Biel Mixed/1994/}) 10... a6 11. f4 Be7 12. f5 $6 (12. Bd3) 12... exf5 13. Nxf5
Bxf5 14. Rxf5 O-O 15. Nd4 (15. Be3 $5) 15... Nd7 16. Be3 Nf6 17. Kh1 Rae8 $17
18. Qf1 Ng4 19. Bg1 Bf6 20. c3 Ne3 21. Bxe3 Rxe3 22. Bb3 Rfe8 23. Rf3 R3e4 24.
Nf5 Ne5 $19 25. Rg3 Ng4 26. Rxg4 (26. h3 Rf4 27. Qb1 Nf2+ 28. Kg1 Qc5 $19)
26... Rxg4 27. Nh6+ gxh6 28. Qxf6 Rge4 29. Rg1 Re1 30. Qf2 Rxg1+ 31. Kxg1 Qe7
32. Bd5 Qe1+ 33. Qxe1 Rxe1+ 34. Kf2 Re7 35. c4 Kg7 36. b4 Kf6 37. Bf3 b6 38. a4
a5 39. bxa5 bxa5 40. c5 Re5 41. c6 Ke7 42. h4 Kd6 43. h5 Rc5 44. Ke3 Rc4 0-1

[Event "Interzonal-15"]
[Site "Manila"]
[Date "1990.??.??"]
[Round "4"]
[White "Spasov, Vasil"]
[Black "Tal, Mihail"]
[Result "1-0"]
[WhiteElo "2495"]
[BlackElo "2580"]
[Annotator "Knaak,R"]
[PlyCount "107"]
[EventDate "1990.06.29"]
[EventType "swiss"]
[EventRounds "13"]
[EventCountry "PHI"]
[SourceTitle "CBM 019"]
[Source "ChessBase"]
[SourceDate "1990.12.01"]
[SourceVersion "1"]
[SourceVersionDate "1990.12.01"]
[SourceQuality "1"]

1. e4 e6 2. d4 d5 3. Nd2 c5 4. Ngf3 cxd4 5. exd5 Qxd5 6. Bc4 Qd6 7. O-O Nf6 8.
Nb3 Nc6 9. Nfxd4 Nxd4 10. Qxd4 Qxd4 11. Nxd4 Bd7 12. Bf4 Be7 (12... Rc8 $1 13.
Be2 (13. Bb3 Bc5 $10) 13... Nd5 $10) 13. Rad1 O-O 14. Be2 Rac8 15. c4 $14 {
Nach der harmlosen Spielweise Tals kann sich Weiß am Damenflügel leicht
etablieren. Schwarz hat im Zentrum nicht das entsprechende Gegenspiel.} Rfd8
16. b3 Rc5 17. Be3 Rcc8 18. Bf4 Rc5 19. Rfe1 Be8 20. Bf3 b6 21. h3 Rd7 22. a4
Rc8 23. Nb5 $16 a5 24. Rxd7 Bxd7 25. Nd6 Bxd6 26. Bxd6 Bc6 27. Bxc6 Rxc6 28.
Be7 Ne8 29. Rd1 Rc7 30. Ba3 f6 31. Rd8 Kf7 32. Rb8 Rc6 33. Bc1 Nd6 34. Be3 Nxc4
35. bxc4 Rxc4 36. Rb7+ Kg8 37. Rxb6 e5 38. Rb8+ Kf7 39. Rb7+ Kg8 40. Ra7 Rxa4
41. g3 Ra1+ 42. Kg2 a4 43. Bc5 Rc1 44. Bb4 Ra1 45. h4 h5 46. Kf3 Ra2 47. Ke3
Ra1 48. Ke4 Rd1 49. Bc5 Rc1 50. Kd5 Rd1+ 51. Ke6 Rc1 52. Be7 Rc4 53. Ra8+ Kh7
54. Kf7 1-0

[Event "Volgograd"]
[Site "Volgograd"]
[Date "1994.??.??"]
[Round "8"]
[White "Volzhin, Alexander"]
[Black "Veresagin, Jurij"]
[Result "1-0"]
[WhiteElo "2410"]
[BlackElo "2360"]
[Annotator "Knaak,R"]
[PlyCount "61"]
[EventDate "1994.??.??"]
[EventType "tourn"]
[EventRounds "13"]
[EventCountry "NED"]
[EventCategory "8"]
[SourceTitle "CBM 041"]
[Source "ChessBase"]
[SourceDate "1994.08.01"]
[SourceVersion "1"]
[SourceVersionDate "1994.08.01"]
[SourceQuality "1"]

1. e4 e6 2. d4 d5 3. Nd2 c5 4. Ngf3 cxd4 5. exd5 Qxd5 6. Bc4 Qd6 7. O-O Nf6 8.
Nb3 Nc6 9. Nbxd4 Nxd4 10. Nxd4 a6 11. Re1 Qc7 12. Bb3 Bd6 13. Nf5 Bxh2+ 14. Kh1
O-O 15. Nxg7 Kxg7 $2 (15... Rd8 $10) 16. Qd4 e5 (16... Bd6 17. Bh6+ $18) 17.
Qh4 Ng4 18. f3 $1 (18. Bh6+ Nxh6 19. Qg5+ Kh8 20. Qxh6 Be6 21. Qf6+ Kg8 22.
Kxh2 Bxb3 23. axb3 e4+ 24. Kg1 Rfe8 25. Ra4 $14 {Mortensen,E-Lechtynsky,J/
Copenhagen/1983/}) 18... Qd8 19. Bg5 $1 f6 20. Bc1 $1 b6 (20... Re8 21. fxg4
Bf4 22. Bxf4 exf4 23. Rxe8 Qxe8 24. Re1 Qf8 25. Re4 $18) (20... f5 $2 21. Bg5
$18) (20... Bf4 21. Bxf4 Qd4 22. Bg3 Ne3 23. Qh2 (23. c3 {+/- (Geenen)} Qxh4+
24. Bxh4 Nf5 25. Bf2 Bd7 26. Bd5 $16) (23. Qxd4 {+/- (Geenen)} exd4 24. Bf2 Re8
25. c3 $18) 23... Qxb2 24. Rxe3 Qxa1+ 25. Re1 Qb2 26. Rxe5 $44 {Geenen,M-Van
Geldorp,M/Belgique/1990/}) 21. fxg4 Bf4 22. Bxf4 exf4 23. Rad1 Qc7 24. g5 $1
Bf5 (24... Bb7 25. gxf6+ Rxf6 26. Qg5+ Rg6 27. Re7+ $18) 25. Qh6+ Kh8 26. gxf6
f3 27. Re7 $1 $18 fxg2+ 28. Kg1 Qc5+ 29. Kh2 g1=Q+ 30. Rxg1 Qd6+ 31. Rg3 1-0

[Event "Rubinstein Memorial 33rd"]
[Site "Polanica Zdroj"]
[Date "1996.??.??"]
[Round "5"]
[White "Rublevsky, Sergei"]
[Black "Beliavsky, Alexander G"]
[Result "1/2-1/2"]
[WhiteElo "2645"]
[BlackElo "2620"]
[Annotator "Knaak,R"]
[PlyCount "53"]
[EventDate "1996.08.15"]
[EventType "tourn"]
[EventRounds "11"]
[EventCountry "POL"]
[EventCategory "15"]
[SourceTitle "CBM 055"]
[Source "ChessBase"]
[SourceDate "1996.12.01"]
[SourceVersion "1"]
[SourceVersionDate "1996.12.01"]
[SourceQuality "1"]

1. e4 e6 2. d4 d5 3. Nd2 c5 4. exd5 Qxd5 5. Ngf3 cxd4 6. Bc4 Qd6 7. O-O Nf6 8.
Nb3 Nc6 9. Nbxd4 Nxd4 10. Nxd4 a6 11. Re1 Be7 12. c3 e5 {Critizised not only
in ECO. But Beliavsky, famous as a busy homeworker must have other opinion
about it.} 13. Nf3 Qxd1 14. Rxd1 e4 (14... b5 15. Bb3 e4 16. Ne5 $16 {
Balashov-Levi/ URS/1974}) 15. Ne5 O-O $5 (15... Rf8 16. Be3 $16 Nd7 17. Nxd7
Bxd7 18. Bd4 g6 19. b4 Rc8 20. Bb3 f5 21. Bg7 Rf6 22. Bxf6 Bxf6 $18 23. Rac1
Rxc3 24. Bd5 b6 25. Bg8 Rxc1 26. Rxc1 Be5 27. Bc4 (27. Bxh7 $2 Kf7 $10) 27...
Bd6 28. Rb1 (28. a3 $2 a5 $14) 28... Bc8 29. a3 a5 30. bxa5 bxa5 31. a4 Bb4 32.
Bb5+ Kd8 33. Rd1+ Kc7 34. Rc1+ Kd8 35. Rc6 Bb7 36. Re6 Be7 37. g3 Bc5 38. Re8+
Kc7 39. Rh8 h5 40. Rh7+ Kb8 41. Rh8+ {1-0 Keres,P-Benko,P/Los Angeles 1963})
16. Be3 $1 (16. Bg5 {Here starts the old analysis:} Bf5 17. Nd7 (17. Bxf6 gxf6
18. Nd7 Rfd8 19. Nb6 Rxd1+ 20. Rxd1 Rd8 $14 {I'm not sure that White has any
advantage.}) 17... Rfd8 $1 {is not easy to refute.} (17... Bxd7 18. Bxf6 Bxf6
19. Rxd7 b5 20. Bb3 (20. Bd5 Rad8 21. Rxd8 Rxd8 22. Bxe4 Rd2 $44) 20... Rad8
21. Rad1 Rxd7 22. Rxd7 $16) (17... Nxd7 18. Bxe7 Rfe8 19. Bd6 $16 {Dolmatov}))
16... Bf5 17. h3 Rac8 18. Bb3 (18. Bb3 $140) 18... Be6 (18... h6 19. g4 Bh7 20.
h4 $16) 19. Bxe6 fxe6 $16 {I cannot believe that this position was part of the
preparation.} 20. Nd7 $6 (20. Bd4 {/\ 21.Re1}) 20... Rfd8 21. Nb6 $6 (21. Ne5
$14) 21... Rc6 22. c4 Rd3 23. Rxd3 exd3 24. Rd1 Bd8 25. Na4 Rxc4 26. Rxd3 Be7
27. Nc3 1/2-1/2

[Event "Terrassa"]
[Site "Terrassa"]
[Date "1991.??.??"]
[Round "4"]
[White "Adams, Michael"]
[Black "Pomes Marcet, Juan"]
[Result "1-0"]
[WhiteElo "2600"]
[BlackElo "2400"]
[Annotator "Knaak,R"]
[PlyCount "63"]
[EventDate "1991.05.??"]
[EventType "tourn"]
[EventRounds "9"]
[EventCountry "ESP"]
[EventCategory "12"]
[SourceTitle "CBM 024"]
[Source "ChessBase"]
[SourceDate "1991.10.01"]
[SourceVersion "1"]
[SourceVersionDate "1991.10.01"]
[SourceQuality "1"]

1. e4 e6 2. d4 d5 3. Nd2 c5 4. exd5 Qxd5 5. Ngf3 cxd4 6. Bc4 Qd6 7. O-O Nf6 8.
Nb3 Nc6 9. Nbxd4 Nxd4 10. Nxd4 a6 11. Re1 Qc7 12. Bb3 Bd6 {Vielleicht wird man
hier bald ?! setzen.} 13. Nf5 Bxh2+ 14. Kh1 Kf8 15. g3 $1 (15. Qd4 $1 h6 16. g3
{Beliavski-Hertneck/Munich/1991/CBM23/i51/269}) 15... exf5 16. Bf4 Qc6+ 17.
Kxh2 Be6 18. Bd6+ $1 (18. Qd6+ Qxd6 19. Bxd6+ Ke8 20. Rad1 $14) 18... Ke8 (
18... Kg8 $2 19. Rxe6 $1 $18) 19. c4 $1 {N} (19. Bxe6 $6 fxe6 20. Rxe6+ Kf7 21.
Re7+ Kg6 $15) (19. Qd4 Rd8 20. Rad1 h5 21. Kg1 $6 (21. Rd3 {/\ f3}) 21... h4
22. Bxe6 fxe6 23. Rxe6+ Kf7 $17 {Jansa-Hübner/BL9091/1990}) 19... h5 (19... Ne4
20. c5 $40) 20. c5 {/\ Ba4+-} h4 21. f3 $1 (21. Ba4 $6 hxg3+ 22. Kxg3 Nh5+ 23.
Kh4 Nf4+ 24. Kg5 $4 Nh3#) 21... Kd8 {Traurige Konsequenz} 22. Bxe6 $1 fxe6 23.
Rxe6 $16 Kc8 24. Qb3 hxg3+ 25. Kxg3 Qb5 26. Rae1 Qxb3 27. axb3 Nd5 28. Rg6 Rg8
29. Re5 Nf6 30. Re7 Ne8 31. Be5 a5 32. Rb6 1-0

[Event "Hoogovens-B"]
[Site "Wijk aan Zee"]
[Date "1994.01.??"]
[Round "5"]
[White "Reinderman, Dimitri"]
[Black "Schwartzman, Gabriel"]
[Result "1/2-1/2"]
[WhiteElo "2430"]
[BlackElo "2500"]
[Annotator "Knaak,R"]
[PlyCount "49"]
[EventDate "1994.01.21"]
[EventType "tourn"]
[EventRounds "9"]
[EventCountry "NED"]
[EventCategory "9"]
[SourceTitle "CBM 040"]
[Source "ChessBase"]
[SourceDate "1994.06.01"]
[SourceVersion "1"]
[SourceVersionDate "1994.06.01"]
[SourceQuality "1"]

1. e4 e6 2. d4 d5 3. Nd2 c5 4. Ngf3 cxd4 5. exd5 Qxd5 6. Bc4 Qd6 7. Qe2 Nc6 $1
$146 (7... Nf6 8. Nb3 Nc6 9. Bg5 Qb4+ (9... a6 $6 10. O-O-O b5 11. Bd3 Bb7 (
11... Bd7 12. Kb1 Be7 13. Rhe1 $16 {Smagin}) 12. Nbxd4 Nxd4 13. Nxd4 O-O-O 14.
Bxb5 $3 axb5 $2 (14... Qb6 $8 15. Qc4+ Bc5 16. b4 axb5 17. Qxc5+ Qxc5 18. bxc5
Bxg2 19. Rhg1 Bd5 20. Nxb5 $14 {Smagin}) 15. Nxb5 Qb4 16. Rxd8+ Kxd8 17. Rd1+
Kc8 18. Rd4 Qa5 19. Qc4+ {1-0/Smagin,S-Levitt,J/Amantea/1993/}) 10. Bd2 Qb6 11.
O-O-O Bd7 12. Bg5 O-O-O 13. Nfxd4 Nb4 14. a3 Nbd5 15. Bxd5 exd5 16. f3 Bd6 17.
g3 $14 {Rozentalis,E-Glek,I/Antwerpen/1993/}) 8. Ne4 (8. Nb3 Be7) 8... Qc7 9.
O-O Nf6 10. Nxf6+ gxf6 11. Rd1 Bc5 12. a3 (12. Bb5 Bd7 13. Bxc6 Bxc6 14. Nxd4
O-O-O 15. Nxc6 Rxd1+ 16. Qxd1 Qxc6 $15) 12... Bd7 13. b4 Bb6 14. Bb2 Ne5 $1 15.
Bb3 (15. Nxe5 $5 fxe5 16. c3 $44) 15... Bc6 16. Ne1 (16. Nxd4 Bxd4 17. Bxd4 Rg8
$17) 16... Rg8 $17 17. g3 (17. Bxd4 $6 Bxd4 18. Rxd4 Rxg2+ $1 19. Nxg2 Nf3+ $19
) 17... O-O-O $6 (17... Rg4 $1 18. a4 d3 19. Rxd3 Rxb4 $17) 18. a4 Rg4 $10 (
18... a5 19. b5 Bd5 (19... Be8 $13) 20. Bxd4 Bxb3 21. Bxb6 Qxb6 22. cxb3 $13) (
18... d3 $6 19. cxd3 Nc4 (19... Ng6 20. Bxf6 Nf4 21. Qd2 $16) 20. d4 $1 (20.
Bxc4 Rxg3+ 21. Kf1 $8 Rg5 {/\ 22...Qxh2-+} 22. Bxe6+ fxe6 23. Qxe6+ Kb8 24. Qh3
Rdg8 $19) 20... Nxb2 21. Qxb2 $16) (18... Ng6 $2 19. a5 Nf4 20. Qc4 Bd5 21. Qf1
$18) 19. a5 Re4 20. Qh5 Rxe1+ 21. Rxe1 Nf3+ 22. Kf1 Nd2+ 23. Kg1 Nf3+ 24. Kf1
Nd2+ 25. Kg1 1/2-1/2

[Event "Interzonal-15"]
[Site "Manila"]
[Date "1990.??.??"]
[Round "3"]
[White "Zapata, Alonso"]
[Black "Ivanchuk, Vassily"]
[Result "0-1"]
[WhiteElo "2545"]
[BlackElo "2680"]
[Annotator "Knaak,R"]
[PlyCount "66"]
[EventDate "1990.06.29"]
[EventType "swiss"]
[EventRounds "13"]
[EventCountry "PHI"]
[SourceTitle "CBM 019"]
[Source "ChessBase"]
[SourceDate "1990.12.01"]
[SourceVersion "1"]
[SourceVersionDate "1990.12.01"]
[SourceQuality "1"]

1. e4 e6 2. d4 d5 3. Nd2 c5 4. Ngf3 cxd4 5. exd5 Qxd5 6. Bc4 Qd6 7. O-O Nf6 8.
Nb3 Nc6 9. Nbxd4 Nxd4 10. Nxd4 a6 11. Bb3 Bd7 12. Re1 O-O-O 13. c3 (13. Bg5 Qc5
14. Bf4 Bd6 15. Bxd6 Qxd6 16. Qd3 $6 (16. Nf3 {Nogueiras/Garcia Gonzales})
16... Ng4 17. g3 e5 $15 {Belyavski-Nogueiras/Montpellier ct/1985}) 13... Qc7
14. Qe2 Bd6 15. h3 Kb8 16. Bg5 h6 17. Bh4 $6 Rhf8 18. Rad1 $2 g5 19. Qf3 Bh2+
20. Kh1 Bf4 $1 21. Bg3 e5 22. Nc2 (22. Bxf4 gxf4 23. Nc2 $17 {[+]}) 22... g4
23. Qe2 gxh3 24. gxh3 Rg8 25. Kh2 Rg5 26. Bxf7 e4 27. Rg1 Rf8 28. Qc4 Bc6 29.
Be6 Nh5 30. Nb4 Bxg3+ 31. fxg3 Rf2+ 32. Kh1 Nxg3+ 33. Rxg3 Rh2+ 0-1

[Event "New York op"]
[Site "New York"]
[Date "1998.03.18"]
[Round "5"]
[White "Onischuk, Alexander"]
[Black "Gulko, Boris F"]
[Result "1-0"]
[WhiteElo "2610"]
[BlackElo "2585"]
[Annotator "Kortschnoj,V"]
[PlyCount "79"]
[EventDate "1998.03.16"]
[EventType "swiss"]
[EventRounds "9"]
[EventCountry "USA"]
[SourceTitle "CBM 064"]
[Source "ChessBase"]
[SourceDate "1998.06.02"]
[SourceVersion "1"]
[SourceVersionDate "1998.06.02"]
[SourceQuality "1"]

1. e4 e6 2. d4 d5 3. Nd2 c5 4. exd5 Qxd5 5. Ngf3 cxd4 6. Bc4 Qd6 7. O-O Nf6 8.
Nb3 Nc6 9. Nbxd4 Nxd4 10. Nxd4 Be7 11. Be3 O-O 12. Qf3 Qc7 13. Bb3 Bd7 14. h3 (
14. Rad1 $5) 14... Rac8 (14... a5 $5 15. a4 Bc5 16. Rad1 Qb6 (16... e5 17. Nf5
Bxf5 18. Bxc5 Qxc5 19. Qxf5 $14) 17. c3 Bc6 $1 18. Nxc6 Bxe3 $13) 15. Rad1 b5
16. Rfe1 Rfe8 17. Bf4 Qb6 18. a3 b4 $5 {19.a4 Sd5!?} 19. axb4 Bxb4 20. c3 Be7
21. Be5 a5 22. Ra1 Ra8 $2 (22... a4 23. Bxa4 (23. Rxa4 Bxa4 24. Bxa4 Qxb2 25.
Bxe8 Nxe8 $11) 23... Bxa4 24. Rxa4 Qxb2 25. Ra7 (25. c4 $2 Nd7 $15) (25. Nc6
Qb7 $11) 25... Qxc3 26. Qxc3 (26. Re3 Qc5 $15) 26... Rxc3 27. Nxe6 (27. Nf5 Bc5
$15) 27... Rcc8 $11) 23. Bc2 Rac8 24. Re2 $16 Red8 25. Rae1 Be8 26. Qg3 Bb5 27.
Re4 Nh5 (27... g6 $5 28. Rh4 $40 (28. Bxf6 Bxf6 29. Nxe6 fxe6 30. Rxe6 Rc6 $13)
) 28. Qe3 Bf6 $2 (28... g6 29. Nf5 $16) (28... Qb7 $142) 29. g4 $18 Be8 30.
gxh5 Bxe5 31. Rxe5 Rxd4 32. cxd4 Rxc2 33. h6 Qd8 34. d5 Rxb2 35. dxe6 fxe6 36.
Rxe6 Bf7 37. Qe5 gxh6 38. Qxb2 Bxe6 39. Rxe6 Qd1+ 40. Kh2 1-0

[Event "EU-ch 20th"]
[Site "Skopje"]
[Date "2019.03.29"]
[Round "11"]
[White "Safarli, Eltaj"]
[Black "Bluebaum, Matthias"]
[Result "1-0"]
[WhiteElo "2662"]
[BlackElo "2616"]
[Annotator "Krasenkow,M"]
[PlyCount "57"]
[EventDate "2019.03.18"]
[EventType "swiss"]
[EventRounds "11"]
[EventCountry "MKD"]
[Tiebreak "Sum of Buchholz"]
[SourceTitle "CBM 189"]
[Source "ChessBase"]
[SourceDate "2019.04.29"]
[SourceVersion "1"]
[SourceVersionDate "2019.04.29"]
[SourceQuality "1"]

{[%evp 0,57,19,31,41,46,51,28,8,24,-2,16,16,15,9,-1,33,-12,-2,-10,14,15,4,1,
-30,-17,-28,-26,-26,-40,0,-16,3,-2,6,-42,1,1,-1,0,-13,-23,-23,-46,292,210,217,
222,216,227,237,237,243,243,274,306,374,423,377,362]} 1. e4 e6 2. d4 d5 3. Nd2
c5 4. Ngf3 cxd4 5. Nxd4 Nc6 6. Bb5 Bd7 7. Nxc6 bxc6 8. Bd3 Qc7 9. Qe2 Ne7 10.
Nf3 Ng6 11. e5 $6 (11. O-O {is more flexible and brings White better results.
The latest example:} Bd6 12. Re1 Nf4 13. Bxf4 Bxf4 14. g3 Bd6 15. exd5 cxd5 16.
Rac1 Rd8 17. c4 dxc4 18. Rxc4 Qb6 19. Ne5 $14 {1-0 (24) Kovalev,V (2687)
-Kuipers,S (2470) Wijk aan Zee 2019}) 11... f6 $6 {Black unnecessarily weakens
the position of his king.} (11... c5 {is probably the simplest reaction.} 12.
c4 {was played in a number of games but Black seizes initiative in the centre:}
(12. c3 Be7 13. O-O f5 14. exf6 gxf6 15. Re1 e5 16. Nh4 e4 17. Qh5 Qe5 18. Be2
Qxh5 19. Bxh5 Rg8 $15 {1/2 (46) Naiditsch,A (2697)-Flom,G (2501) Brest 2018})
12... dxc4 13. Bxc4 Bc6 (13... Rb8 14. O-O Be7 15. b3 Bc6 16. Bb2 O-O 17. Ne1
Rfd8 18. f4 Nh4 $36 {0-1 (41) Papp,G (2581)-Vitiugov,N (2729) Karlsruhe 2017})
14. O-O Be7 (14... Rb8 15. Re1 Be7 16. b3 O-O 17. Ng5 $6 h6 18. Nh3 Qb7 19. Qg4
Rbd8 20. Bxe6 Nxe5 $1 21. Rxe5 Bf6 22. Bxh6 Bxe5 $19 {0-1 (25) Shanava,K (2516)
-Sutovsky,E (2622) Tbilisi 2016}) 15. Re1 O-O 16. Bd3 (16. Ng5 $6 h6 17. Nh3
Rad8 18. b3 Qxe5 $5 (18... Qb7 $5 19. f3 $140 Nxe5 $1 20. Qxe5 Bf6) 19. Qxe5
Nxe5 20. Rxe5 Rd1+ 21. Bf1 Bf6 22. Rxc5 Be4 23. Bb2 Rxa1 24. Bxa1 Bxa1 $15 {
1-0 (53) Van den Doel,E (2589)-Timman,J (2562) Amstelveen 2017}) 16... Rad8 17.
Be4 Qb7 18. Bxc6 Qxc6 19. Bd2 Rd5 20. Qe4 Qa6 21. Bc3 Rfd8 $15 {1/2 (49) Jones,
G (2662)-Bartel,M (2613) Heraklio 2017}) (11... Rb8 {is possible, too:} 12. c3
(12. O-O Be7 13. Re1 (13. c4 dxc4 14. Bxg6 hxg6 15. Bg5 c5 16. Bxe7 Kxe7 17.
Rfd1 Bc6 $17 {0-1 (30) Shevchenko,K (2491)-Peralta,F (2565) La Roda 2017})
13... c5 14. c4 O-O 15. h4 $6 (15. Ng5 {0-1 (61) Diamant,A (2412)-Jorczik,J 
(2382) Dresden 2008} dxc4 $5 16. Bxc4 h6 $17) (15. b3 $15) 15... dxc4 $1 16.
Be4 Kh8 17. Bg5 Bb5 18. Qe3 Rfd8 19. h5 Bxg5 20. Nxg5 Nf8 21. Rad1 h6 22. Nf3
Nd7 $17 {0-1 (40) Tal,M-Kortschnoj,V Moscow 1971}) 12... Be7 13. h4 f6 14.
Bxg6+ hxg6 15. Bf4 f5 16. Bg5 Bxg5 17. Nxg5 c5 18. Rh3 Qa5 19. Qd2 Qa4 $13 {
1/2 (47) Malakhov,V (2691)-Gharamian,T (2626) Mali Losinj 2017}) ({Or just} 
11... Be7 12. h4 (12. O-O O-O $6 (12... c5 $142) 13. h4 f5 14. h5 Nh8 15. c4
Nf7 16. Bf4 g5 17. hxg6 hxg6 18. cxd5 cxd5 19. Rac1 Qb6 20. Be3 Qa5 21. Nd4 $14
{1/2 (27) Magem Badals,J (2531)-Osmak,I (2410) Linares 2018}) 12... f6 13.
Bxg6+ hxg6 14. O-O (14. Bf4 Qa5+ 15. Bd2 Qa4 16. c4 Qxc4 17. Qxc4 dxc4 18. Bc3
c5 19. Nd2 Bc6 $17 {0-1 (48) Fluvia Poyatos,J (2507)-Peralta,F (2580)
Barcelona 2016}) 14... c5 15. Re1 Qb7 16. Rb1 Kf7 17. Bd2 Rae8 18. c4 d4 19. b4
cxb4 20. Bxb4 Bxb4 21. a3 {1/2 (58) Gadimbayli,A (2409)-Bajarani,U (2421) Baku
2019} Bc6 22. Rxb4 Qc7 23. Nxd4 Rxh4 $13) 12. Bxg6+ hxg6 13. O-O $1 $146 {
White's only chance is to complete development and try to attack Black's king.
In the following game Black managed to exchange queens and obtained an
excellent position:} (13. Qd3 $6 Kf7 14. Qd4 Qb6 15. Qf4 Qb4+ 16. Qxb4 Bxb4+
17. c3 Be7 18. Be3 g5 19. O-O-O g4 20. Nd2 fxe5 $17 {0-1 (42) Idani,P (2543)
-Lenderman,A (2600) Baku 2016}) 13... Kf7 14. c4 $1 {[%mdl 128]} Be7 (14... c5
{[%cal Yd7c6]} 15. cxd5 exd5 16. Rd1 Be6 17. b4 $1 $36) 15. Bf4 Qb6 16. h4 d4
17. b4 $1 a5 (17... Qxb4 $6 18. Rab1 Qa4 19. Rb7 $40) (17... Bxb4 $6 18. Rfb1
Qa5 19. a3 Be7 20. Rb7 $40) 18. Rad1 $1 (18. bxa5 $143 $2 Qxa5 19. Nxd4 $140
Rxh4) 18... axb4 19. Rxd4 Rad8 20. exf6 gxf6 21. Be5 $1 fxe5 $2 {This capture
loses.} ({White keeps a strong attack after} 21... Kg7 22. Rf4 {etc.}) 22.
Nxe5+ Kg7 (22... Ke8 23. Qd3 $18) 23. Rxd7 Rxd7 24. Qg4 $1 Rh6 25. Nxd7 Qc7 26.
Qxe6 Bxh4 27. g3 Qd8 28. Re1 Qg5 29. Kf1 1-0